| 000 | 01179nam0a2200349 4500 | ||
|---|---|---|---|
| 001 | RU\NLR\bibl\479729 | ||
| 005 | 20250623192342.0 | ||
| 010 | _a5-98155-006-6 | ||
| 010 |
_a5-98155-005-8 _9522 |
||
| 021 |
_aRU _b2003-62281 _93053 |
||
| 035 | _a(NLR Aleph) 000472678 | ||
| 090 |
_a1003630 _c1003630 |
||
| 100 | _a20040114d2003 |||y0rusy50 ca | ||
| 101 | 0 | _arus | |
| 102 | _aRU | ||
| 105 | _aa ||||||||| | ||
| 200 | 1 |
_aДонцы XIX века _dDontsy of XIX century _zeng |
|
| 210 |
_aРостов н/Д. _cNB _d2003 |
||
| 215 |
_a598,[1] c. _cил. _d30 |
||
| 225 | 1 | _aПантеон Донской славы | |
| 320 | _aБиблиогр.: с. 593 (14 назв.) | ||
| 320 | _aАлф. имен. указ.: с. 520-546 | ||
| 320 | _aАлф. геогр. указ.: с. 547-579 | ||
| 510 | 0 |
_aDontsy of XIX century _zeng |
|
| 606 | 0 |
_aДонское казачество _jБиографические словари _xИстория _z19 в. _92317602 _3RU\NLR\auth\661386676 |
|
| 686 | _aТ3(2)5-294я21 | ||
| 686 | _aЦ59,8(2)2-13я21 | ||
| 801 | 0 |
_aRU _bNLR _c20040114 _gPSBO |
|
| 801 | 1 |
_aRU _bNLR _c20040114 |
|
| 942 | _cBOOK | ||
| 980 | _aNB | ||